|
|
|
|
| LEADER |
00000nam a2200000 a 4500 |
| 001 |
vtls001175200 |
| 003 |
SK-MaSNL |
| 005 |
20260301112152.0 |
| 008 |
240509s1995 xo ap r yy 0 slo |
| 015 |
|
|
|a SNBA1996/0601520
|
| 020 |
|
|
|a 8022507164
|c 10,00 Sk (300 výt.)
|
| 035 |
|
|
|a SNK000118196
|
| 035 |
|
|
|a urn:nbn:sk:snk-amljeu
|
| 035 |
|
|
|a urn:nbn:sk:snk-am00blyy
|
| 035 |
|
|
|a 74BFA737-3366-48F1-8F9B-9BA146989062
|
| 040 |
|
|
|a SNK
|b slo
|c SNK
|e AACR2
|
| 041 |
0 |
|
|a slo
|
| 044 |
|
|
|a xo
|c SK
|
| 080 |
|
|
|a 658.5(075.8)
|2 1981
|
| 245 |
0 |
|
|a Výrobkové stratégie
|c Nataša Urbanová a kolektív
|
| 260 |
|
|
|a Bratislava
|b Ekonóm
|c 1995
|
| 300 |
|
|
|a 78 s., 2 tab. na príl.
|b Sch., tab.
|c 29 cm
|
| 504 |
|
|
|a Bibliogr. s. 74-78
|
| 650 |
0 |
7 |
|a výrobky
|x stratégia
|2 SNK
|9 452471
|
| 655 |
|
7 |
|a Textbooks (higher)
|2 SNKPHeng
|9 276436
|
| 655 |
|
7 |
|a učebnice vysokých škôl
|2 SNKPH
|9 70191
|
| 700 |
1 |
|
|a Urbanová, Nataša
|4 aut
|9 262714
|
| 700 |
1 |
|
|a Lacková, Alica,
|d 1946-
|4 aut
|9 7205
|
| 700 |
1 |
|
|a Hlôška, Branislav,
|d 1944-2004
|4 aut
|9 36987
|
| 700 |
1 |
|
|a Horváthová, Zuzana
|4 aut
|9 9650
|
| 919 |
|
|
|a 80-225-0716-4
|
| 958 |
0 |
7 |
|a RM
|
| 958 |
0 |
7 |
|a NB
|
| 958 |
0 |
7 |
|a UV
|
| 999 |
|
|
|c 709682
|d 711612
|
| 952 |
|
|
|t P60, <09>, [BOOK], {629}
|a SNK
|b SNK
|y NEVYP
|7 0
|o snkB 267
|i snk855/960229
|0 0
|1 0
|4 0
|d 1996-02-22
|l 0
|r 2005-01-01 00:00:00
|w 2026-02-23
|
| 952 |
|
|
|t P60, <03>, [BOOK], {603}
|a SNK
|b SNK
|y PREZ
|7 0
|p 17A0000507
|o snkSB 55168
|i snkKSP 02332/96
|0 0
|1 0
|4 0
|d 1996-02-22
|f 1
|l 0
|r 2025-03-28 00:00:00
|w 2026-02-23
|
| 952 |
|
|
|t P60, <04>, [BOOK], {604}
|a SNK
|b SNK
|y VYP
|7 0
|p 17A0000508
|o snkSB 55168 D1
|i snkKSP 02333/96
|0 0
|1 0
|4 0
|d 1996-02-22
|l 0
|r 2005-01-01 00:00:00
|w 2026-02-23
|